Những vấn đề cốt yếu của quản lý = Essentials of management

Đã lưu trong:
書目詳細資料
主要作者: Harold Koontz
格式: 圖書
語言:Undetermined
出版: Hà Nội KHKT 1994
主題:
標簽: 添加標簽
沒有標簽, 成為第一個標記此記錄!
Thư viện lưu trữ: Trung tâm Học liệu Trường Đại học Cần Thơ
LEADER 00578nam a2200181Ia 4500
001 CTU_46464
008 210402s9999 xx 000 0 und d
082 |a 658.001 
082 |b K82 
100 |a Harold Koontz 
245 0 |a Những vấn đề cốt yếu của quản lý 
245 0 |b = Essentials of management 
245 0 |c Harold Koontz, Cyril O'Donnell; Dịch giả: Nguyễn Mạnh Quân, Vũ Thiếu 
260 |a Hà Nội 
260 |b KHKT 
260 |c 1994 
650 |a management 
980 |a Trung tâm Học liệu Trường Đại học Cần Thơ